000 00724nam a2200217 i 4500
001 62722
003 ES-MaACL
005 20250815050650.0
007 t|
008 031125s1978 sp bd |||| | spa d
100 1 _aFernández Bastarreche, Fernando.
_949508
245 1 3 _aEl Ejército español en el siglo XIX /
_cpor Fernando Fernández Bastarreche.
250 _a1ª ed.
260 _a[Madrid] :
_bSiglo Veintiuno,
_c1978.
300 _a190 p. :
_bmap., gráf. ;
_c18 cm.
490 1 _aEstudios de historia contemporánea
650 4 _aEjército-
_zEspaña-
_yS.XIX.
_9166099
830 0 0 _aEstudios de historia contemporánea (Siglo XXI)
_9181254
852 _aES-MaACL
_jA-10251
999 _c62722
_d62722